Ville et Revolution : (Record no. 9371)
[ view plain ]
| 000 -LEADER | |
|---|---|
| campo de control de longitud fija | 00382nam a2200133Ia 4500 |
| 005 - FECHA Y HORA DE LA ÚLTIMA TRANSACCIÓN | |
| campo de control | 20260328101516.0 |
| 008 - DATOS DE LONGITUD FIJA--INFORMACIÓN GENERAL | |
| campo de control de longitud fija | 260328s9999||||xx |||||||||||||| ||und|| |
| 100 ## - ENTRADA PRINCIPAL--NOMBRE DE PERSONA | |
| Nombre de persona | Kopp, Anatole |
| 245 #0 - MENCIÓN DEL TÍTULO | |
| Título | Ville et Revolution : |
| Resto del título | Architecture et Urbanisme sovietiques des annees vingt / |
| Mención de responsabilidad, etc. | Anatole Kopp |
| 260 ## - PUBLICACIÓN, DISTRIBUCIÓN, ETC. | |
| Nombre del editor, distribuidor, etc. | Anthropos |
| 300 ## - DESCRIPCIÓN FÍSICA | |
| Extensión | 277 p. |
| 650 ## - PUNTO DE ACCESO ADICIONAL DE MATERIA--TÉRMINO DE MATERIA | |
| Término de materia o nombre geográfico como elemento de entrada | ARQUITECTURA REGIONAL |
| 942 ## - ELEMENTOS DE ENTRADA SECUNDARIOS (KOHA) | |
| Tipo de ítem Koha | Libros |
| Estatus retirado | Estado de pérdida | Estado de daño | No para préstamo | Colección | Biblioteca de origen | Biblioteca actual | Ubicación en estantería | Fecha de adquisición | Número de inventario | Total de préstamos | Signatura topográfica completa | Código de barras | Visto por última vez | Copia número | Precio de reemplazo | Tipo de ítem Koha |
|---|---|---|---|---|---|---|---|---|---|---|---|---|---|---|---|---|
| General | Biblioteca Gonzalo Peláez Caldas | Biblioteca Gonzalo Peláez Caldas | Colección general | 28/03/2026 | 3211 | 720.27 K 8392 | 3211 | 28/03/2026 | 1 | 28/03/2026 | Libros |